[Event "kazan"]
[Site "?"]
[Date "2016.05.15"]
[Round "15.4"]
[White "Yandemirov, Valeri"]
[Black "Rodchenkov, Vitaly"]
[Result "0-1"]
[WhiteElo "2470"]
[BlackElo "2382"]
[PlyCount "148"]
[EventDate "2016.??.??"]

1. Nf3 c5 2. g3 b6 3. Bg2 Bb7 4. O-O Nf6 5. d3 e6 6. e4 d6 7. Nh4 Nc6 8. f4 Be7
9. c4 O-O 10. Nc3 a6 11. f5 Nd7 12. fxe6 fxe6 13. Rxf8+ Nxf8 14. Nf3 Bf6 15.
Be3 Ng6 16. Qd2 Nge5 17. Nxe5 dxe5 18. Rf1 Qd6 19. Ne2 Rd8 20. Nc1 Qe7 21. Qd1
Bc8 22. Rf2 Bd7 23. Bh3 Be8 24. Qg4 Rd6 25. Qd1 Bf7 26. Qa4 Qb7 27. Qb3 Nd4 28.
Qa3 Nc6 29. Qb3 Nd4 30. Qa3 a5 31. Qc3 Qe7 32. Qd2 Bg6 33. Bg2 Qd8 34. h4 Bh5
35. Qe1 Bg4 36. Qf1 Qe7 37. Bh3 Bxh3 38. Qxh3 Nc6 39. Qg4 Nb4 40. Rd2 Qd7 41.
a3 Nc6 42. Rf2 Qe7 43. Kg2 Nb8 44. Rf3 Nd7 45. Bd2 Qe8 46. Ne2 h5 47. Qh3 Qg6
48. Nc3 Nf8 49. Nb5 Rd7 50. Kh2 Qg4 51. Qf1 Ng6 52. Be1 Rd8 53. Nc3 Ne7 54. Nd1
Nc6 55. Bc3 Nd4 56. Bxd4 exd4 57. Qe2 Be5 58. Qf2 Qxh4+ 59. Kg2 Qg4 60. Qf1 h4
61. Nf2 Qg6 62. g4 Bg3 63. Kh3 e5 64. Rf5 Rf8 65. Rxf8+ Kxf8 66. Nh1+ Bf4 67.
Qd1 Qf6 68. a4 Be3 69. Kg2 Kf7 70. Qe2 Kg6 71. Kh3 Kg5 72. Kg2 Qf4 73. Kh3 Bg1
74. b3 g6 0-1